000
00298nam a2200097Ia 4500
082
_a
345.680231 JOFF
245
0
_a
The state vs. Nelson Mandela : the trial that changed South Africa
100
_a
JOFFE, Joel Oxford, 2009
_9
70206
942
_c
BK
008
210817s9999 xx 000 0 und d
999
_c
227271
_d
227272